LEADER 01405nam--2200421---450- 001 990001106200203316 005 20090918134217.0 010 $a88-8415-058-2 010 $a978-88-8415-058-5 035 $a000110620 035 $aUSA01000110620 035 $a(ALEPH)000110620USA01 035 $a000110620 100 $a20021120d2007----km-y0itay50------ba 101 0 $aita 102 $aIT 105 $aa|||z|||001yy 200 1 $a<> didattica per la discalculia$e"Uno, due, dui..."$fNicoletta Galvan, Andrea Biancardi$ga cura della Associazione italiana dislessia 210 $aFirenze$cLibri liberi$d2007 215 $aIX, 134 p.$cill.$d24 cm 517 1 $a"Uno, due, dui..." 606 0 $aMatematica$xApprendimento [da parte dei] Bambini$xDisturbi$2BNCF 676 $a618.9285889 700 1$aGALVAN,$bNicoletta$0554353 701 1$aBIANCARDI,$bAndrea$0471225 712 02$aAssociazione italiana dislessia 801 0$aIT$bsalbc$gISBD 912 $a990001106200203316 951 $aII.4. 3832$b217035 L.M.$cII.4.$d00228570 959 $aBK 969 $aUMA 979 $aMARIA$b10$c20021120$lUSA01$h1252 979 $aPATRY$b90$c20040406$lUSA01$h1716 979 $aANNAMARIA$b90$c20090918$lUSA01$h1338 979 $aANNAMARIA$b90$c20090918$lUSA01$h1341 979 $aANNAMARIA$b90$c20090918$lUSA01$h1342 996 $aDidattica per la discalculia$9981036 997 $aUNISA LEADER 01738nam 2200553 a 450 001 9910452505203321 005 20200520144314.0 010 $a1-84969-439-7 035 $a(CKB)2550000001100333 035 $a(OCoLC)857078894 035 $a(CaPaEBR)ebrary10733925 035 $a(SSID)ssj0001139399 035 $a(PQKBManifestationID)11626134 035 $a(PQKBTitleCode)TC0001139399 035 $a(PQKBWorkID)11183795 035 $a(PQKB)11373235 035 $a(MiAaPQ)EBC1210006 035 $a(PPN)228011124 035 $a(Au-PeEL)EBL1210006 035 $a(CaPaEBR)ebr10733925 035 $a(CaONFJC)MIL504759 035 $a(OCoLC)853238766 035 $a(EXLCZ)992550000001100333 100 $a20130722d2013 uy 0 101 0 $aeng 135 $aurcn||||||||| 181 $ctxt 182 $cc 183 $acr 200 10$aAugmented reality with Kinect$b[electronic resource] $edevelop your own hands-free and attractive augmented reality applications with Microsoft Kinect /$fRui Wang 210 $aBirmingham $cPackt Pub.$d2013 215 $a1 online resource (122 p.) 225 0$aCommunity experience distilled 300 $aIncludes index. 311 $a1-84969-438-9 311 $a1-299-73508-8 606 $aKinect (Microcontroller)$xProgramming 606 $aMultimodal user interfaces (Computer systems) 608 $aElectronic books. 615 0$aKinect (Microcontroller)$xProgramming. 615 0$aMultimodal user interfaces (Computer systems) 700 $aWang$b Rui$0901518 801 0$bMiAaPQ 801 1$bMiAaPQ 801 2$bMiAaPQ 906 $aBOOK 912 $a9910452505203321 996 $aAugmented reality with Kinect$92238224 997 $aUNINA